MARC details
| 000 -LEADER |
| campo de control de longitud fija |
03186 a2200313 4500 |
| 003 - IDENTIFICADOR DE NÚMERO DE CONTROL |
| campo de control |
BJBSDDR |
| 005 - FECHA Y HORA DE LA ÚLTIMA TRANSACCIÓN |
| campo de control |
20230411090806.0 |
| 007 - CAMPO FIJO DE DESCRIPCIÓN FÍSICA--INFORMACIÓN GENERAL |
| campo de control de longitud fija |
ta |
| 008 - DATOS DE LONGITUD FIJA--INFORMACIÓN GENERAL |
| campo de control de longitud fija |
220808s2022 sp ||||| |||| 00| 0 spa d |
| 020 ## - NÚMERO INTERNACIONAL ESTÁNDAR DEL LIBRO |
| Número Internacional Estándar del Libro |
9788423433490 |
| 020 ## - NÚMERO INTERNACIONAL ESTÁNDAR DEL LIBRO |
| Número Internacional Estándar del Libro |
8423433498 |
| 040 ## - FUENTE DE CATALOGACIÓN |
| Lengua de catalogación |
spa |
| Centro/agencia transcriptor |
BJBSDDR |
| 041 ## - CÓDIGO DE IDIOMA |
| Código de lengua del texto/banda sonora o título independiente |
spa |
| Código de lengua original |
eng |
| 050 14 - SIGNATURA TOPOGRÁFICA DE LA BIBLIOTECA DEL CONGRESO |
| Número de clasificación |
HD 78 |
| Número de ítem |
D143p 2022 |
| 100 1# - ENTRADA PRINCIPAL--NOMBRE DE PERSONA |
| Nombre de persona |
Dalio, Ray |
| Fechas asociadas al nombre |
1949‐ |
| Forma completa/desarrollada del nombre |
(Raymond Thomas), |
| 240 10 - TÍTULO UNIFORME |
| Título uniforme |
Principles for dealing with the changing world order. |
| Lenguaje de la obra |
Español |
| 245 10 - MENCIÓN DEL TÍTULO |
| Título |
Principios para enfrentarse al nuevo orden mundial : |
| Resto del título |
por qué triunfan y fracasan los países / |
| Mención de responsabilidad, etc. |
Ray Dalio ; traducción de Diego Sánchez de la Cruz. |
| 260 ## - PUBLICACIÓN, DISTRIBUCIÓN, ETC. |
| Lugar de publicación, distribución, etc. |
Barcelona : |
| Nombre del editor, distribuidor, etc. |
Deusto, |
| Fecha de publicación, distribución, etc. |
2022. |
| 300 ## - DESCRIPCIÓN FÍSICA |
| Extensión |
x, 660 p. : |
| Otras características físicas |
ill. ; |
| Dimensiones |
23 cm |
| 500 ## - NOTA GENERAL |
| Nota general |
Tít. orig.: Principles for dealing with the changing world Ooder: why nations succeed and fail. |
| 520 ## - RESUMEN, ETC. |
| Sumario, etc. |
Los tiempos que vienen serán radicalmente diferentes a los que hemos vivido hasta ahora, pero se parecerán mucho a otras etapas de la historia. Esta es la principal conclusión a la que ha llegado el experto inversor Ray Dalio, después de un titánico estudio de episodios análogos al presente en los últimos quinientos años: los ciclos históricos siempre han sido muy similares entre ellos.Después de su bestseller mundial "Principios", Dalio vuelve con un nuevo libro, en el que descubre los ciclos que explican del auge y la caída de los grandes imperios, como el holandés, el inglés y el estadounidense. En nuestros días, aparentemente, asistimos al declive de Estados Unidos, y al progresivo ascenso de China como potencia dominante. Si hacemos caso a estas «señales», interpretadas bajo un análisis comparativo con periodos históricos anteriores, estamos a las puertas del alumbramiento de un nuevo orden mundial. En este libro encontraremos una panorámica global de las fuerzas que han impulsado históricamente el éxito de los países y su posterior decadencia. La historia se repite, sostiene Dalio, en un «Gran Ciclo arquetípico»: todos los nuevos imperios han vivido una fase de liderazgo, crecimiento pacífico y prosperidad; una pérdida de competitividad y productividad, con una crisis fruto de la sobreexpansión; y un periodo de declive, en la forma de pérdida de poder financiero, conflictos internos y guerras o revoluciones. Todas estas «señales», que podemos identificar también hoy, preludian la consagración de la nueva potencia mundial, reiniciándose de nuevo el «Gran Ciclo».Basándose en este descubrimiento de los patrones del cambio económico y social, Dalio aspira también a brindar algunas valiosas pistas, para líderes políticos y empresariales y para todos nosotros, sobre cómo puede ser el futuro próximo. El «Steve Jobs del mundo de la inversión», como ha sido apodado, nos ofrece un mapa incomparable que nos permitirá anticipar el porvenir a partir del estudio del pasado |
| 650 #4 - PUNTO DE ACCESO ADICIONAL DE MATERIA--TÉRMINO DE MATERIA |
| 9 (RLIN) |
2117 |
| Término de materia o nombre geográfico como elemento de entrada |
Desarrollo económico |
| Subdivisión general |
Historia |
| 650 #4 - PUNTO DE ACCESO ADICIONAL DE MATERIA--TÉRMINO DE MATERIA |
| 9 (RLIN) |
4323 |
| Término de materia o nombre geográfico como elemento de entrada |
Política económica |
| Subdivisión general |
Historia |
| 650 #4 - PUNTO DE ACCESO ADICIONAL DE MATERIA--TÉRMINO DE MATERIA |
| 9 (RLIN) |
3048 |
| Término de materia o nombre geográfico como elemento de entrada |
Balance de poder |
| 650 #4 - PUNTO DE ACCESO ADICIONAL DE MATERIA--TÉRMINO DE MATERIA |
| 9 (RLIN) |
28 |
| Término de materia o nombre geográfico como elemento de entrada |
Historia económica |
| 700 1# - ENTRADA AGREGADA--NOMBRE PERSONAL |
| 9 (RLIN) |
24036 |
| Nombre de persona |
Sánchez de la Cruz, Diego. |
| Término indicativo de función/relación |
traductor |
| 942 ## - ELEMENTOS DE ENTRADA SECUNDARIOS (KOHA) |
| Fuente del sistema de clasificación o colocación |
Clasificación de Library of Congress |
| Tipo de ítem Koha |
Libro |
| 946 ## - PROCESAMIENTO DE INFORMACIÓN LOCAL (OCLC) |
| Iniciales del agente catalogador |
rmza |